[Event "1. OEsterreichische Internet Schach Meisterschaft - Vorrunde 2"]
[Site "Online - Playchess.com"]
[Date ""]
[Round "4"]
[Board "68"]
[White "Pedevilla, Luis"]
[Black "Schneider-Zinner, Werner"]
[Result "1-0"]
[WhiteElo "1650"]
[BlackElo "1967"]
[PlyCount "117"]
[EventDate "2020.04.13"]
[EventRounds "9"]
[EventCountry "AUT"]

1. e4 e5 2. Nf3 Nf6 3. Nc3 Nc6 4. Bb5 Nd4 5. Bc4 d6 6. h3 Be7 7. O-O O-O 8. Ne2 Nxf3+
9. gxf3 Bxh3 10. Re1 Be6 11. Bb3 d5 12. d3 dxe4 13. fxe4 Nh5 14. Kg2 Bg5 15. Rh1
Nf4+ 16. Nxf4 Bxf4 17. Bxf4 exf4 18. Qf3 Qg5+ 19. Kf1 Bg4 20. Qg2 Be2+ 21. Kg1 Qxg2+
22. Kxg2 f3+ 23. Kg3 h6 24. Kf4 c5 25. Rag1 Kh7 26. Ke3 f5 27. e5 Rae8 28. e6 Rf6
29. Rg3 Re7 30. Kd2 b5 31. a4 bxa4 32. Bc4 f4 33. Rg4 Rf5 34. Ra1 h5 35. Rgg1 g5
36. Rxa4 Kh6 37. Ra5 g4 38. b3 Kg5 39. Ra6 h4 40. Rd6 g3 41. Rd7 Rxd7 42. exd7 Rf8
43. fxg3 fxg3 44. Bd5 Kf4 45. Rh1 g2 46. Rxh4+ Kg3 47. Rh5 f2 48. Rg5+ Kf4 49. Rxg2
f1=Q 50. Rxe2 Kg3 51. Re3+ Kh4 52. Re8 Qf4+ 53. Kc3 Qd4+ 54. Kd2 Rf2+ 55. Ke1 Rxc2
56. d8=Q+ Kg3 57. Rg8+ Kf4 58. Qf8+ Ke5 59. Rg5#  1-0

[Event "1. OEsterreichische Internet Schach Meisterschaft - Vorrunde 2"]
[Site "Online - Playchess.com"]
[Date ""]
[Round "4"]
[Board "69"]
[White "Schein, Alexander"]
[Black "Gallob, Marko"]
[Result "0-1"]
[WhiteElo "1631"]
[BlackElo "1961"]
[PlyCount "92"]
[EventDate "2020.04.13"]
[EventRounds "9"]
[EventCountry "AUT"]

1. e4 e6 2. d4 d5 3. Nd2 Be7 4. Ngf3 Nf6 5. e5 Nfd7 6. g3 c5 7. c3 Nc6 8. Bg2 b6
9. O-O Ba6 10. Re1 Rc8 11. Nf1 O-O 12. h4 cxd4 13. cxd4 Nb4 14. Ne3 Nd3 15. Rf1 Nxc1
16. Rxc1 Bxf1 17. Kxf1 Rxc1 18. Qxc1 Qc8 19. Qd2 Qa6+ 20. Kg1 Qxa2 21. h5 Qb1+ 22.
Kh2 h6 23. Ng4 Rc8 24. Qe2 Rc2 25. Qa6 Rc7 26. Qe2 a5 27. Qb5 Ba3 28. b3 Bb4 29.
Qa6 Qf5 30. Qa8+ Kh7 31. Ne3 Qxh5+ 32. Nh4 f5 33. Qd8 Ra7 34. Bf3 Qg5 35. Qe8 Nf8
36. Bg2 Re7 37. Qc6 Be1 38. Kg1 f4 39. Nc2 Bxf2+ 40. Kxf2 Qxg3+ 41. Kg1 Qxh4 42.
Qd6 Qg5 43. Qxb6 f3 44. Ne1 fxg2 45. Kf2 Rf7+ 46. Kg1 Qe3+  0-1

[Event "1. OEsterreichische Internet Schach Meisterschaft - Vorrunde 2"]
[Site "Online - Playchess.com"]
[Date ""]
[Round "4"]
[Board "70"]
[White "Raeke, Philipp"]
[Black "Filek, Mattias"]
[Result "0-1"]
[WhiteElo "1880"]
[BlackElo "1932"]
[PlyCount "36"]
[EventDate "2020.04.13"]
[EventRounds "9"]
[EventCountry "AUT"]

1. e4 d6 2. d4 Nf6 3. Nc3 Nbd7 4. f3 e5 5. dxe5 dxe5 6. Be3 Bb4 7. Qd2 c6 8. a3 Ba5
9. b4 Bb6 10. Nge2 O-O 11. O-O-O a5 12. Bxb6 Qxb6 13. b5 cxb5 14. g4 b4 15. Nb1 Nc5
16. g5 Nh5 17. Ng3 Nf4 18. Qe2 Nxe2+  0-1

[Event "1. OEsterreichische Internet Schach Meisterschaft - Vorrunde 2"]
[Site "Online - Playchess.com"]
[Date ""]
[Round "4"]
[Board "71"]
[White "Katter, Katharina"]
[Black "Enne, Harald"]
[Result "1-0"]
[WhiteElo "1930"]
[BlackElo "1916"]
[PlyCount "51"]
[EventDate "2020.04.13"]
[EventRounds "9"]
[EventCountry "AUT"]

1. d4 d5 2. Nf3 e6 3. c4 Be7 4. e3 Nf6 5. Nc3 O-O 6. Qc2 Nbd7 7. b3 h6 8. Bd3 c6
9. Bb2 b6 10. O-O Ba6 11. Ne5 Rc8 12. f4 c5 13. Qe2 cxd4 14. exd4 Re8 15. Rac1 Nf8
16. Qf3 dxc4 17. Be2 Qxd4+ 18. Kh1 Rc7 19. Rfd1 Qc5 20. Na4 Qb4 21. Bc3 Qa3 22. Bxc4
Bb7 23. Qe2 a5 24. Bb5 Rec8 25. Nc4 Rxc4 26. Bxc4  1-0

[Event "1. OEsterreichische Internet Schach Meisterschaft - Vorrunde 2"]
[Site "Online - Playchess.com"]
[Date ""]
[Round "4"]
[Board "72"]
[White "Gschiel, Alexander"]
[Black "Janes, Christian"]
[Result "1-0"]
[WhiteElo "1908"]
[BlackElo "1740"]
[PlyCount "69"]
[EventDate "2020.04.13"]
[EventRounds "9"]
[EventCountry "AUT"]

1. d4 d5 2. c4 Nf6 3. cxd5 Nxd5 4. e4 Nf6 5. Nc3 e6 6. Nf3 Bb4 7. Bd3 O-O 8. O-O
c5 9. Bg5 cxd4 10. Ne2 Be7 11. Nexd4 h6 12. Bh4 b6 13. Rc1 Bb7 14. Qc2 Na6 15. Nc6
Bxc6 16. Bxa6 Bxe4 17. Qe2 Bc5 18. Rfd1 Qe7 19. Bxf6 Bxf3 20. Bxe7 Bxe2 21. Bxf8
Bxd1 22. Bxc5 bxc5 23. Rxd1 g5 24. b3 Rb8 25. Rd7 Rb4 26. Rxa7 Rd4 27. g3 Kg7 28.
Bc4 Kf6 29. Rc7 Rd1+ 30. Kg2 h5 31. Rxc5 Rd2 32. a4 Ra2 33. a5 Kg6 34. b4 e5 35.
Bxa2  1-0

[Event "1. OEsterreichische Internet Schach Meisterschaft - Vorrunde 2"]
[Site "Online - Playchess.com"]
[Date ""]
[Round "4"]
[Board "74"]
[White "Andreatta, Ralph"]
[Black "Steirer, Gerhard"]
[Result "0-1"]
[WhiteElo "1623"]
[BlackElo "1854"]
[PlyCount "42"]
[EventDate "2020.04.13"]
[EventRounds "9"]
[EventCountry "AUT"]

1. d4 f5 2. c4 Nf6 3. Nf3 e6 4. e3 d5 5. Nc3 c6 6. b3 Bb4 7. Bb2 O-O 8. Qc2 Ne4 9.
Be2 Nd7 10. O-O Nxc3 11. Bxc3 Bxc3 12. Qxc3 Rf6 13. cxd5 exd5 14. Bd3 Nf8 15. Ne5
Rh6 16. Qc2 Qh4 17. Nf3 Qh5 18. h3 f4 19. exf4 Bxh3 20. Ng5 Bxg2 21. Kxg2 Qg4#  0-1

[Event "1. OEsterreichische Internet Schach Meisterschaft - Vorrunde 2"]
[Site "Online - Playchess.com"]
[Date ""]
[Round "4"]
[Board "75"]
[White "Schein, Leopold"]
[Black "Fugger, Christian"]
[Result "1-0"]
[WhiteElo "1584"]
[BlackElo "1818"]
[PlyCount "127"]
[EventDate "2020.04.13"]
[EventRounds "9"]
[EventCountry "AUT"]

1. d4 d5 2. Nf3 e6 3. g3 Nf6 4. Bg2 c6 5. O-O Bd6 6. Bg5 Nbd7 7. Nbd2 h6 8. Bxf6
Nxf6 9. c3 Qc7 10. Qc2 e5 11. e4 O-O 12. exd5 Nxd5 13. Rfe1 exd4 14. Nxd4 Nf6 15.
Ne4 Nxe4 16. Bxe4 Bd7 17. Rad1 Rfe8 18. Nf5 Bxf5 19. Bxf5 Rad8 20. Re2 Bc5 21. Rde1
Rxe2 22. Qxe2 Qb6 23. b4 Bd6 24. Rb1 Qc7 25. c4 Qe7 26. Qxe7 Bxe7 27. b5 g6 28. Be4
cxb5 29. Rxb5 b6 30. Rd5 Rc8 31. Rd7 Kf8 32. Bd5 a5 33. Rb7 Rc5 34. Rxb6 Bd8 35.
Rb8 Ke7 36. Rb5 Rxb5 37. cxb5 Kd6 38. Bxf7 g5 39. Kg2 Kc5 40. Be8 Bc7 41. Kf3 Kd4
42. Kg4 Ke4 43. Kh5 Kf3 44. Kxh6 Bd8 45. Kh5 Kxf2 46. h4 gxh4 47. gxh4 Kf3 48. Bc6+
Kf4 49. a4 Ke5 50. Kg4 Kf6 51. h5 Kg7 52. Kf5 Kh6 53. Bf3 Bb6 54. Ke6 Be3 55. Kd5
Kg7 56. Kc6 Kh6 57. b6 Bf4 58. b7 Bb8 59. Kd7 Bf4 60. Kc8 Bd6 61. b8=Q Bxb8 62. Kxb8
Kg5 63. Ka7 Kf4 64. h6  1-0

[Event "1. OEsterreichische Internet Schach Meisterschaft - Vorrunde 2"]
[Site "Online - Playchess.com"]
[Date ""]
[Round "4"]
[Board "76"]
[White "Krassnitzer, Julia"]
[Black "Chen, Qingxia"]
[Result "1-0"]
[WhiteElo "1803"]
[BlackElo "1776"]
[PlyCount "75"]
[EventDate "2020.04.13"]
[EventRounds "9"]
[EventCountry "AUT"]

1. e4 e5 2. Nf3 Nc6 3. Bc4 Bc5 4. c3 Nf6 5. d4 exd4 6. e5 d5 7. Bb5 Ne4 8. cxd4 Bb4+
9. Bd2 Bxd2+ 10. Nbxd2 O-O 11. O-O Bg4 12. Bxc6 bxc6 13. Re1 Nxd2 14. Qxd2 Bxf3 15.
gxf3 Qh4 16. Kh1 Rab8 17. Rg1 h5 18. Rg3 Rb5 19. Rag1 g6 20. b3 Rfb8 21. Qh6 Qe7
22. Rxg6+ fxg6 23. Rxg6+ Kf7 24. Rg7+ Ke8 25. Rxe7+ Kxe7 26. Qxh5 Kd7 27. Qf7+ Kc8
28. Kg2 Kb7 29. e6 Ka6 30. e7 Rh8 31. e8=Q Rxe8 32. Qxe8 Kb7 33. h4 Ra5 34. a4 Ra6
35. h5 Rb6 36. Qe3 c5 37. dxc5 Rf6 38. Qd4  1-0

[Event "1. OEsterreichische Internet Schach Meisterschaft - Vorrunde 2"]
[Site "Online - Playchess.com"]
[Date ""]
[Round "4"]
[Board "77"]
[White "Soelkner, Julian"]
[Black "Kessler, Manuel"]
[Result "1/2-1/2"]
[WhiteElo "1484"]
[BlackElo "1731"]
[PlyCount "76"]
[EventDate "2020.04.13"]
[EventRounds "9"]
[EventCountry "AUT"]

1. e4 c5 2. Nf3 e6 3. d4 cxd4 4. Nxd4 Nc6 5. Nc3 Qc7 6. Be3 a6 7. Be2 Nf6 8. O-O
Be7 9. f3 O-O 10. Rc1 Rd8 11. Nb3 d5 12. exd5 Nxd5 13. Nxd5 Rxd5 14. Qe1 b5 15. c4
bxc4 16. Bxc4 Rd8 17. Qc3 Bf6 18. Qc2 Bb7 19. Bd3 Rac8 20. Bxh7+ Kh8 21. Be4 Qe7
22. Qf2 Nb4 23. Bc5 Rxc5 24. Qxc5 Bxe4 25. Qxe7 Bxe7 26. fxe4 Kg8 27. a3 Nd3 28.
Rc2 Rb8 29. Nc1 Nxb2 30. Ne2 Nd3 31. a4 Bc5+ 32. Kh1 Nf2+ 33. Kg1 Nxe4+ 34. Kh1 Nf2+
35. Kg1 Nh3+ 36. Kh1 Nf2+ 37. Kg1 Nh3+ 38. Kh1 Nf2+  1/2-1/2

[Event "1. OEsterreichische Internet Schach Meisterschaft - Vorrunde 2"]
[Site "Online - Playchess.com"]
[Date ""]
[Round "4"]
[Board "79"]
[White "Koglbauer, Uwe"]
[Black "Kipman, Felix"]
[Result "1-0"]
[WhiteElo "1666"]
[BlackElo "1576"]
[PlyCount "58"]
[EventDate "2020.04.13"]
[EventRounds "9"]
[EventCountry "AUT"]

1. e4 c6 2. d4 d5 3. exd5 cxd5 4. c4 Nf6 5. Nc3 Nc6 6. Nf3 Bg4 7. Be2 e6 8. O-O Bd6
9. c5 Bc7 10. h3 Bh5 11. Bg5 h6 12. Bd2 Bxf3 13. Bxf3 Nxd4 14. b4 a6 15. Bc1 Be5
16. Bb2 Nb5 17. Nxb5 Bxb2 18. Nd6+ Kf8 19. Rb1 Be5 20. Nxb7 Qc7 21. Na5 Rd8 22. Qd3
Ke7 23. Rfe1 Rhe8 24. Rxe5 Qxe5 25. Nc6+ Kf8 26. Nxe5 Ne4 27. Bxe4 dxe4 28. Qxe4
Rd5 29. c6 Red8  1-0

[Event "1. OEsterreichische Internet Schach Meisterschaft - Vorrunde 2"]
[Site "Online - Playchess.com"]
[Date ""]
[Round "4"]
[Board "80"]
[White "Wimmer, Michael"]
[Black "Lammer, Michael"]
[Result "1-0"]
[WhiteElo "1559"]
[BlackElo "1499"]
[PlyCount "71"]
[EventDate "2020.04.13"]
[EventRounds "9"]
[EventCountry "AUT"]

1. e4 e5 2. Nf3 d6 3. d4 exd4 4. Nxd4 Nc6 5. Nc3 Nxd4 6. Qxd4 Nf6 7. Bc4 Be7 8. h3
O-O 9. O-O c5 10. Qd3 Re8 11. Bf4 a5 12. Rad1 Nh5 13. Bxd6 Bxd6 14. Qxd6 Qxd6 15.
Rxd6 Nf6 16. f3 Bd7 17. Rfd1 h6 18. Rxd7 Nxd7 19. Rxd7 Rf8 20. Rxb7 Rad8 21. Nd5
a4 22. Rc7 Rb8 23. b3 axb3 24. cxb3 Ra8 25. a4 Rfd8 26. Rxc5 Rd6 27. Rc7 Kf8 28.
Rb7 Rad8 29. a5 Rg6 30. a6 Kg8 31. a7 Kh7 32. Rb8 Rgd6 33. a8=Q Rxb8 34. Qxb8 Rg6
35. Ne7 Rf6 36. Qg8#  1-0

[Event "1. OEsterreichische Internet Schach Meisterschaft - Vorrunde 2"]
[Site "Online - Playchess.com"]
[Date ""]
[Round "4"]
[Board "82"]
[White "Schroettner, Tobias Julian"]
[Black "Kwech, Martin"]
[Result "1-0"]
[WhiteElo "1503"]
[BlackElo "1105"]
[PlyCount "91"]
[EventDate "2020.04.13"]
[EventRounds "9"]
[EventCountry "AUT"]

1. e4 c5 2. Nf3 d6 3. d4 cxd4 4. Nxd4 Nf6 5. Nc3 a6 6. Bg5 e6 7. Qe2 Be7 8. f4 h6
9. Bh4 O-O 10. h3 Qb6 11. O-O-O Nc6 12. g4 Nxd4 13. Qf2 Nb3+ 14. axb3 Qxf2 15. Bxf2
b5 16. Bd3 Bb7 17. Rhg1 Rfc8 18. h4 b4 19. g5 bxc3 20. gxf6 cxb2+ 21. Kxb2 Bxf6+
22. Kb1 e5 23. f5 d5 24. exd5 Bxd5 25. Be3 Kh8 26. Bxa6 Rd8 27. Be2 Bb7 28. Rxd8+
Rxd8 29. h5 Be4 30. Rd1 Rxd1+ 31. Bxd1 Bxf5 32. b4 Kg8 33. b5 e4 34. b6 Be5 35. c4
Be6 36. Be2 Kf8 37. c5 Bc8 38. c6 Ke7 39. b7 Bf5 40. Bc5+ Kd8 41. Bb6+ Ke7 42. c7
e3+ 43. Kc1 Bxc7 44. Bxc7 Kd7 45. b8=Q Kc6 46. Bf4  1-0

[Event "1. OEsterreichische Internet Schach Meisterschaft - Vorrunde 2"]
[Site "Online - Playchess.com"]
[Date ""]
[Round "4"]
[Board "84"]
[White "Hadler, Johann"]
[Black "Maister, Dieter"]
[Result "1/2-1/2"]
[WhiteElo "1996"]
[BlackElo "1851"]
[PlyCount "185"]
[EventDate "2020.04.13"]
[EventRounds "9"]
[EventCountry "AUT"]

1. d4 c6 2. Nf3 d5 3. Bf4 Bf5 4. e3 Nf6 5. Bd3 Bxd3 6. Qxd3 Nbd7 7. Nbd2 e6 8. c3
Be7 9. O-O O-O 10. Rfe1 c5 11. e4 dxe4 12. Nxe4 Nxe4 13. Qxe4 b6 14. Rab1 Nf6 15.
Qe2 Qd5 16. a3 Rac8 17. h3 Rfd8 18. Bh2 Qb3 19. Qa6 Ra8 20. Qb7 Kf8 21. Bc7 Rdc8
22. Be5 Qd5 23. Qa6 Nd7 24. Bg3 Bd6 25. Bxd6+ Qxd6 26. Qb5 cxd4 27. Nxd4 Nc5 28.
Rbd1 Qf4 29. Qb4 Kg8 30. a4 Qf6 31. Nb5 h6 32. Rd4 Qg6 33. Red1 Qf6 34. a5 Rd8 35.
axb6 axb6 36. Nd6 Rab8 37. Qb5 Qe7 38. Qc6 Kh7 39. b4 Nd7 40. Qe4+ g6 41. Qf3 Ne5
42. Qf4 f6 43. Qe4 Nf7 44. Nxf7 Rxd4 45. Qxd4 Qxf7 46. Qd6 Rb7 47. c4 Kg7 48. c5
bxc5 49. bxc5 Rc7 50. c6 g5 51. g3 Qe7 52. Qd7 Kf7 53. Qd6 Kf8 54. Kg2 Qxd6 55. Rxd6
Ke7 56. Rd2 Rxc6 57. Kf3 f5 58. Kg2 Kf6 59. Rd3 Rc2 60. Kf3 h5 61. Ke3 Ke5 62. Rd8
Rc3+ 63. Ke2 Ke4 64. f3+ Ke5 65. Rd7 g4 66. hxg4 hxg4 67. fxg4 fxg4 68. Kf2 Ke4 69.
Re7 Rc2+ 70. Kg1 e5 71. Rf7 Ke3 72. Rg7 Kf3 73. Re7 Kxg3 74. Kf1 Kf4 75. Rf7+ Ke3
76. Rg7 Rc4 77. Kg1 Kf3 78. Rg5 Rf4 79. Rxe5 g3 80. Rg5 Rd4 81. Rf5+ Kg4 82. Rf8
Kg5 83. Kg2 Rd3 84. Rg8+ Kf4 85. Rf8+ Kg4 86. Rg8+ Kf4 87. Rf8+ Ke5 88. Re8+ Kf6
89. Rg8 Rd1 90. Kf3 Rd3+ 91. Kg2 Rd1 92. Rxg3 Rd2+ 93. Kh3  1/2-1/2

[Event "1. OEsterreichische Internet Schach Meisterschaft - Vorrunde 2"]
[Site "Online - Playchess.com"]
[Date ""]
[Round "4"]
[Board "85"]
[White "Ploeckinger, Paul"]
[Black "Mayrhuber, Nikola"]
[Result "0-1"]
[WhiteElo "1334"]
[BlackElo "2025"]
[PlyCount "62"]
[EventDate "2020.04.13"]
[EventRounds "9"]
[EventCountry "AUT"]

1. c4 e6 2. Nc3 Nf6 3. d4 Bb4 4. Bf4 O-O 5. e3 c5 6. a3 Bxc3+ 7. bxc3 Qa5 8. Qc2
cxd4 9. exd4 d5 10. cxd5 Nxd5 11. Bd2 Qc7 12. Nf3 b6 13. Bd3 Nf6 14. O-O Ba6 15.
Ne5 Bxd3 16. Nxd3 Nc6 17. Nb4 Nxd4 18. cxd4 Qd6 19. Be3 Rfc8 20. Qd3 a5 21. Na2 Ng4
22. g3 e5 23. Rac1 f5 24. Rxc8+ Rxc8 25. Rc1 Rd8 26. Qc4+ Kh8 27. dxe5 Qxe5 28. Qc3
Qd5 29. Bf4 Qxa2 30. Qc7 Qxf2+ 31. Kh1 Qxh2#  0-1

[Event "1. OEsterreichische Internet Schach Meisterschaft - Vorrunde 2"]
[Site "Online - Playchess.com"]
[Date ""]
[Round "4"]
[Board "86"]
[White "Schroettner, Martin"]
[Black "Bauer, Wolfgang"]
[Result "1-0"]
[WhiteElo "1934"]
[BlackElo "1526"]
[PlyCount "63"]
[EventDate "2020.04.13"]
[EventRounds "9"]
[EventCountry "AUT"]

1. Nf3 d5 2. c4 e6 3. b3 Nf6 4. Bb2 g6 5. cxd5 exd5 6. g3 Bg7 7. Bg2 O-O 8. O-O c6
9. d3 Be6 10. Nbd2 Nbd7 11. a3 Re8 12. b4 a6 13. Rc1 Nb6 14. h3 Rc8 15. Re1 Na8 16.
Ng5 h6 17. Nxe6 Rxe6 18. Nf3 Qe8 19. Nd4 Rd6 20. Qb3 Nc7 21. a4 Ne6 22. Nf3 Qe7 23.
Be5 Rd7 24. b5 axb5 25. axb5 c5 26. h4 b6 27. Bh3 Ra7 28. Qb2 Rca8 29. Ra1 d4 30.
Bg2 Rxa1 31. Rxa1 Rb8 32. Bxb8  1-0

[Event "1. OEsterreichische Internet Schach Meisterschaft - Vorrunde 2"]
[Site "Online - Playchess.com"]
[Date ""]
[Round "4"]
[Board "88"]
[White "Messner, Andreas"]
[Black "Neubauer, Anton"]
[Result "0-1"]
[WhiteElo "1856"]
[BlackElo "1879"]
[PlyCount "72"]
[EventDate "2020.04.13"]
[EventRounds "9"]
[EventCountry "AUT"]

1. Nf3 d5 2. c4 dxc4 3. e3 e6 4. Bxc4 Nf6 5. O-O Bd6 6. h3 O-O 7. d4 a6 8. Nc3 b5
9. Bd3 Bb7 10. a3 Nbd7 11. Bd2 c5 12. dxc5 Nxc5 13. Be2 Qc7 14. b4 Nce4 15. Rc1 Qb6
16. Nd4 Rfd8 17. Nxe4 Bxe4 18. Qe1 Qb7 19. Bf3 Bxf3 20. Nxf3 Ne4 21. Bc3 Nxc3 22.
Qxc3 Rac8 23. Qb2 h6 24. Rxc8 Rxc8 25. Rd1 Be7 26. Qd2 Rd8 27. Qc2 Rc8 28. Qb2 Rc4
29. Nd2 Bf6 30. Qb1 Rc3 31. Ne4 Rxa3 32. Nxf6+ gxf6 33. Rd8+ Kg7 34. Qb2 Qc7 35.
Rd2 Rc3 36. Qb1 Rc1+  0-1

[Event "1. OEsterreichische Internet Schach Meisterschaft - Vorrunde 2"]
[Site "Online - Playchess.com"]
[Date ""]
[Round "4"]
[Board "89"]
[White "Moerwald, Miriam"]
[Black "Galler, Alexander"]
[Result "1-0"]
[WhiteElo "1760"]
[BlackElo "1772"]
[PlyCount "53"]
[EventDate "2020.04.13"]
[EventRounds "9"]
[EventCountry "AUT"]

1. e4 c5 2. Nf3 d6 3. d4 cxd4 4. Nxd4 Nf6 5. Nc3 a6 6. h4 h5 7. Bg5 Nc6 8. Qd2 e5
9. Nb3 Be7 10. O-O-O Be6 11. Bxf6 gxf6 12. Nd5 Bxd5 13. Qxd5 Rc8 14. Bc4 Rh7 15.
Rhf1 Nb4 16. Qd2 Qb6 17. Qe2 Nxa2+ 18. Kb1 Nb4 19. f4 Qc6 20. Bd5 Qxc2+ 21. Qxc2
Rxc2 22. Bxb7 Rxg2 23. Rc1 Nd3 24. Rc8+ Kd7 25. Bxa6 Nxb2 26. Rd1 exf4 27. Nc5#  1-0

[Event "1. OEsterreichische Internet Schach Meisterschaft - Vorrunde 2"]
[Site "Online - Playchess.com"]
[Date ""]
[Round "4"]
[Board "90"]
[White "Kellner, Nikolaus"]
[Black "Wilplinger, Hugo"]
[Result "0-1"]
[WhiteElo "1685"]
[BlackElo "1629"]
[PlyCount "90"]
[EventDate "2020.04.13"]
[EventRounds "9"]
[EventCountry "AUT"]

1. g4 d5 2. h3 e5 3. d3 Bd6 4. Nc3 c6 5. Nf3 Be6 6. a3 Nd7 7. e4 d4 8. Ne2 Qc7 9.
Nh4 g6 10. Qd2 O-O-O 11. f4 exf4 12. Nxf4 g5 13. Nxe6 fxe6 14. Nf3 Bg3+ 15. Ke2 Bf4
16. Qb4 Bxc1 17. Rxc1 a5 18. Qd2 h6 19. Nxd4 Qd6 20. Nf3 Ne5 21. Bg2 Nxf3 22. Bxf3
e5 23. b4 axb4 24. Qxb4 Qxb4 25. axb4 Nf6 26. c4 Nd7 27. Ra1 Kc7 28. c5 Ra8 29. Rhc1
Rhb8 30. Rxa8 Rxa8 31. Rc2 Ra4 32. Rb2 Nb8 33. Kd2 Na6 34. Kc3 Ra3+ 35. Rb3 Ra1 36.
d4 exd4+ 37. Kxd4 Ra4 38. Ke5 Rxb4 39. Rxb4 Nxb4 40. Kf6 Nd3 41. Kg6 b5 42. Kxh6
b4 43. Kxg5 b3 44. Bd1 b2 45. Bc2 Nxc5  0-1

[Event "1. OEsterreichische Internet Schach Meisterschaft - Vorrunde 2"]
[Site "Online - Playchess.com"]
[Date ""]
[Round "4"]
[Board "91"]
[White "Steininger, Barbara"]
[Black "Kaltenbeck, Dieter"]
[Result "1-0"]
[WhiteElo "1622"]
[BlackElo "1314"]
[PlyCount "35"]
[EventDate "2020.04.13"]
[EventRounds "9"]
[EventCountry "AUT"]

1. Nf3 c6 2. d4 d5 3. c4 Nf6 4. Nc3 Nbd7 5. Bg5 h6 6. Bh4 b6 7. e3 Bb7 8. cxd5 Nxd5
9. Nxd5 cxd5 10. Rc1 Rc8 11. Bb5 Rxc1 12. Qxc1 Qc8 13. Qxc8+ Bxc8 14. O-O e6 15.
Rc1 Bb7 16. Rc7 g5 17. Bg3 g4 18. Ne5  1-0

[Event "1. OEsterreichische Internet Schach Meisterschaft - Vorrunde 2"]
[Site "Online - Playchess.com"]
[Date ""]
[Round "4"]
[Board "93"]
[White "Miazhynski, Michael"]
[Black "Kanzian, Heinz"]
[Result "1-0"]
[WhiteElo "1827"]
[BlackElo "1642"]
[PlyCount "53"]
[EventDate "2020.04.13"]
[EventRounds "9"]
[EventCountry "AUT"]

1. e4 e5 2. Nc3 d6 3. g3 Nf6 4. Bg2 Be7 5. Nge2 Nc6 6. O-O Be6 7. d3 O-O 8. f4 exf4
9. gxf4 Nd7 10. f5 Bxf5 11. exf5 Nf6 12. Nf4 Ne5 13. Ncd5 Nxd5 14. Nxd5 c6 15. Nc3
Bf6 16. Bf4 Qb6+ 17. Kh1 Rad8 18. Ne4 Be7 19. Bxe5 dxe5 20. f6 gxf6 21. Nxf6+ Bxf6
22. Rxf6 Qd4 23. Be4 Qf2 24. Rxf2 Rxd3 25. cxd3 f5 26. Rxf5 Rxf5 27. Bxf5  1-0

[Event "1. OEsterreichische Internet Schach Meisterschaft - Vorrunde 2"]
[Site "Online - Playchess.com"]
[Date ""]
[Round "4"]
[Board "94"]
[White "Pasteiner, Gernot"]
[Black "Schwarz, Benedikt"]
[Result "0-1"]
[WhiteElo "1632"]
[BlackElo "1815"]
[PlyCount "64"]
[EventDate "2020.04.13"]
[EventRounds "9"]
[EventCountry "AUT"]

1. e4 e6 2. d4 d5 3. Nc3 Nf6 4. e5 Nfd7 5. Nf3 c5 6. Be3 Nc6 7. dxc5 Ncxe5 8. Nxe5
Nxe5 9. Bb5+ Bd7 10. Bxd7+ Nxd7 11. O-O Bxc5 12. Bxc5 Nxc5 13. Qg4 O-O 14. Rfe1 Qf6
15. Re3 Rac8 16. Rf3 Qg6 17. Qf4 Ne4 18. Nxe4 Qxe4 19. Qxe4 dxe4 20. Re3 Rxc2 21.
Rd1 Rxb2 22. Rxe4 Rxa2 23. Rb4 b6 24. Rc4 b5 25. Rc5 b4 26. Rb1 a5 27. h3 h6 28.
Rd1 b3 29. Rd7 a4 30. Rb7 b2 31. Kh2 a3 32. Rcc7 Ra1  0-1

[Event "1. OEsterreichische Internet Schach Meisterschaft - Vorrunde 2"]
[Site "Online - Playchess.com"]
[Date ""]
[Round "4"]
[Board "95"]
[White "Astner, Klaus"]
[Black "Rampler, Evelyn"]
[Result "0-1"]
[WhiteElo "1409"]
[BlackElo "1806"]
[PlyCount "90"]
[EventDate "2020.04.13"]
[EventRounds "9"]
[EventCountry "AUT"]

1. d4 d5 2. c4 e6 3. Nc3 Nf6 4. Nf3 dxc4 5. Bg5 Be7 6. e3 O-O 7. Bxc4 Nbd7 8. O-O
Nb6 9. Be2 Nbd5 10. Nxd5 exd5 11. a3 c6 12. b4 a6 13. Re1 Bf5 14. Bd3 Bxd3 15. Qxd3
h6 16. Bxf6 Bxf6 17. Rab1 Qd7 18. h3 Rfc8 19. a4 a5 20. b5 c5 21. dxc5 Rxc5 22. Rec1
Rac8 23. Rxc5 Rxc5 24. Kf1 Rc4 25. Qd1 b6 26. Nd2 Rc3 27. Rc1 Qc7 28. Rxc3 Qxc3 29.
Nf3 Qc4+ 30. Kg1 Bc3 31. Nh4 Qxh4 32. Qxd5 Bf6 33. Qc6 Qxa4 34. Qxb6 Qa1+ 35. Kh2
Be5+ 36. g3 a4 37. Qd8+ Kh7 38. Qd3+ g6 39. Qd7 Kg7 40. b6 Qb2 41. b7 Qxf2+ 42. Kh1
Bxg3 43. Qd4+ Qf6 44. Qxf6+ Kxf6 45. Kg2 Bc7  0-1

[Event "1. OEsterreichische Internet Schach Meisterschaft - Vorrunde 2"]
[Site "Online - Playchess.com"]
[Date ""]
[Round "4"]
[Board "96"]
[White "Dorner, Guenther"]
[Black "Buchner, Martin"]
[Result "0-1"]
[WhiteElo "1787"]
[BlackElo "1777"]
[PlyCount "76"]
[EventDate "2020.04.13"]
[EventRounds "9"]
[EventCountry "AUT"]

1. e4 e6 2. d4 d5 3. Nc3 Nf6 4. exd5 exd5 5. Nf3 c6 6. h3 Bd6 7. Bd3 O-O 8. O-O Re8
9. Bg5 Nbd7 10. Qd2 Nf8 11. Rfe1 Ne6 12. Bh4 Be7 13. Ne5 Nf8 14. Re2 Ng6 15. Nxg6
hxg6 16. Rae1 Be6 17. Bxg6 Bxh3 18. gxh3 fxg6 19. Bg5 Qd7 20. Re6 Bb4 21. Rxe8+ Rxe8
22. Rxe8+ Qxe8 23. Qe3 Qxe3 24. fxe3 Bxc3 25. bxc3 Ne4 26. Be7 Nxc3 27. Kf1 Nxa2
28. Ke2 Nc3+ 29. Kd3 Ne4 30. c4 Nf2+ 31. Ke2 Nxh3 32. cxd5 cxd5 33. Kf3 Kf7 34. Bh4
g5 35. Be1 Kf6 36. Kg2 g4 37. Kg3 Kg5 38. Bd2 Kh5  0-1

[Event "1. OEsterreichische Internet Schach Meisterschaft - Vorrunde 2"]
[Site "Online - Playchess.com"]
[Date ""]
[Round "4"]
[Board "97"]
[White "Hofer, Martin"]
[Black "Lager, Johannes Jun."]
[Result "1-0"]
[WhiteElo "1603"]
[BlackElo "1722"]
[PlyCount "73"]
[EventDate "2020.04.13"]
[EventRounds "9"]
[EventCountry "AUT"]

1. e4 c5 2. c3 d5 3. e5 Nc6 4. d4 Bf5 5. Bb5 e6 6. Nf3 Bg6 7. O-O Nge7 8. Bg5 h6
9. Bh4 Qc7 10. Bg3 Nf5 11. Bf4 O-O-O 12. Bxc6 Qxc6 13. Nbd2 Qb6 14. Nb3 a5 15. a4
c4 16. Nbd2 Qxb2 17. Rb1 Qxc3 18. Rb5 Nxd4 19. Nxd4 Qxd4 20. Be3 Qc3 21. Nb1 Qd3
22. Qc1 Bb4 23. Rd1 Qb3 24. Bd2 Qxa4 25. Rb6 Kc7 26. Rxb4 axb4 27. Be3 b5 28. Bc5
b3 29. Bd6+ Rxd6 30. exd6+ Kxd6 31. Nc3 Qa5 32. Qf4+ Ke7 33. Re1 Qxc3 34. Qc7+ Kf6
35. Qf4+ Ke7 36. Qc7+ Kf8 37. Qd8#  1-0

[Event "1. OEsterreichische Internet Schach Meisterschaft - Vorrunde 2"]
[Site "Online - Playchess.com"]
[Date ""]
[Round "4"]
[Board "98"]
[White "Moerzinger, Christian Jun."]
[Black "Dilly, Julian"]
[Result "0-1"]
[WhiteElo "1638"]
[BlackElo "1502"]
[PlyCount "54"]
[EventDate "2020.04.13"]
[EventRounds "9"]
[EventCountry "AUT"]

1. e4 c5 2. Nf3 g6 3. c3 Bg7 4. g3 Nc6 5. Bg2 e6 6. d4 cxd4 7. cxd4 Nge7 8. O-O O-O
9. Nc3 a6 10. e5 d5 11. Bg5 Qe8 12. Qd2 Nf5 13. Ne2 h6 14. Bf6 b5 15. g4 Nfe7 16.
g5 h5 17. a3 Nf5 18. Ng3 Nce7 19. Bxg7 Kxg7 20. Nxf5+ Nxf5 21. Rac1 Qe7 22. Rc5 Bb7
23. Rfc1 Rab8 24. Rc7 Qd8 25. Qa5 Ne7 26. Nh4 Nc6 27. Nf3 Nxa5  0-1